000 02028nam a22003017a 4500
005 20260409170801.0
008 260409t2026 wlk|||||o|||| 00| 0 eng d
041 _aeng
110 _aRoyal Institution of Chartered Surveyors
245 _aAgricultural Landlord and Tenant code of practice for Wales
_h[Electronic resource]
260 _cApril 2026
300 _a19p.
520 _aThis Code of Practice is designed to foster and encourage clarity, communication and mutual respect in the tenanted sector. It recognises parties may have differing interests, while encouraging collaboration on shared objectives. The development of the Code was led by an Expert Panel, convened and facilitated by Welsh Government. This Panel bought together representatives from all key stakeholders in the sector in Wales including RICS ensuring a broad and balanced range of perspectives from across the tenanted sector. It provides guidance on the standards of behaviour expected from all landlords and tenants as well as those providing professional advice in connection with agricultural tenancy matters. RICS are delighted to fully endorse this Code and are pleased that this Code provides RICS members and firms with a document which outlines a route to follow for good behaviour in this area of practice.
650 _aLANDLORD AND TENANT
650 _aRURAL MANAGEMENT
650 _aAGRICULTURAL TENANCIES
651 _aWales
690 _aLand use
_96251
710 _aRoyal Institution of Chartered Surveyors
710 _aTenant Farmers Association Cymru
710 2 _aCountry Land and Business Association
710 _aAgricultural Law Association
710 _aCentral Association of Agricultural Valuers
710 _aNational Farmers Union Cymru
710 _aFarmers Union of Wales
856 _uhttps://www.rics.org/content/dam/ricsglobal/documents/standards/Agricultural-Landlord-and-Tenant-Code-of-Practice-Wales.pdf
_zAvailable free on RICS.org
942 _n0
999 _c122345
_d122345